Investment, procurement and performance in construction

Bibliographic Details
Other Authors: Brandon, Peter, Mole, Trevor, Venmore-Rowland, Pier
Format: Book
Published: London : E & FN Spon , 1991
Subjects:

MARC

LEADER 00000cam a2200000 7i4500
001 0000001267
005 20050615.0
020 |a 0419174001 
040 |a INS 
090 0 0 |a TH57   |b V461 1991 
245 1 0 |a Investment, procurement and performance in construction   |c Piers Venmore-Rowland 
260 |a London :   |b E & FN Spon ,   |c 1991 
300 |a 369p. ;   |c 24cm. 
650 0 0 |a Construction industry   |x Management 
650 0 0 |a Real estate investment 
700 1 |a Brandon, Peter 
700 1 |a Mole, Trevor 
700 1 |a Venmore-Rowland, Pier 
999 |a 0000007014   |b BOOK   |c Open Shelf   |e Default branch 
999 |a 0000007822   |b BOOK   |c Open Shelf   |e Default branch